ბათუმის შოთა რუსთაველის სახელმწიფო უნივერსიტეტის ბიბლიოთეკა

Бесконечные абелевы группы : (ბიბ.ჩანაწერი № 59722)

000 -LEADER
fixed length control field 00621nam a22001932ia4500
001 - CONTROL NUMBER
control field 006783147
003 - CONTROL NUMBER IDENTIFIER
control field ELAR
005 - DATE AND TIME OF LATEST TRANSACTION
control field 20230406155730.0
008 - FIXED-LENGTH DATA ELEMENTS--GENERAL INFORMATION
fixed length control field 130319m1974 ru ||||| |||||||| ||rus d
041 1# - LANGUAGE CODE
Language code of text/sound track or separate title rus
080 ## - UNIVERSAL DECIMAL CLASSIFICATION NUMBER
Universal Decimal Classification number 512+515 Ф-94
100 1# - MAIN ENTRY--PERSONAL NAME
Personal name Фукс, Ласло
9 (RLIN) 17521
245 00 - TITLE STATEMENT
Title Бесконечные абелевы группы :
Medium [Текст] /
Statement of responsibility, etc. Пер. с англ. А. П. Мишиной.
264 ## - PRODUCTION, PUBLICATION, DISTRIBUTION, MANUFACTURE, AND COPYRIGHT NOTICE
Place of production, publication, distribution, manufacture Москва :
Name of producer, publisher, distributor, manufacturer Мир,
Date of production, publication, distribution, manufacture, or copyright notice 1974.
300 ## - PHYSICAL DESCRIPTION
Dimensions 22 см.
653 ## - INDEX TERM--UNCONTROLLED
keyword მათემატიკა
700 1# - ADDED ENTRY--PERSONAL NAME
Personal name Мишина, А. П.
Relator term მთარგმნელი
9 (RLIN) 17522
942 ## - ADDED ENTRY ELEMENTS (KOHA)
Source of classification or shelving scheme
Koha item type წიგნი
ეგზემპლარები
Withdrawn status Lost status Source of classification or shelving scheme Damaged status Not for loan Permanent Location Current Location Shelving location Date acquired Cost, normal purchase price Full call number Barcode Date last seen Copy number Price effective from Koha item type Public note
          ბათუმის შოთა რუსთაველის სახელმწიფო უნივერსიტეტის მთავარი ბიბლიოთეკა ბათუმის შოთა რუსთაველის სახელმწიფო უნივერსიტეტის მთავარი ბიბლიოთეკა წიგნსაცავი 2023-04-06 15.00 512+515 Ф-94 3485 2023-04-06 3485 2023-04-06 წიგნი 15 ლ.